La informática en la gerencia (Registro nro. 618)
[ vista simple ]
| 000 -LEADER | |
|---|---|
| fixed length control field | 01268 a2200229 4500 |
| 001 - CONTROL NUMBER | |
| control field | 15170 |
| 005 - DATE AND TIME OF LATEST TRANSACTION | |
| control field | 20260407155449.0 |
| 008 - FIXED-LENGTH DATA ELEMENTS--GENERAL INFORMATION | |
| fixed length control field | 260407a1990 arg spa d |
| 003 - CONTROL NUMBER IDENTIFIER | |
| control field | AR-UNSa-BCEJYS |
| 040 ## - CATALOGING SOURCE | |
| Original cataloging agency | AR-UNSa-BCEJYS |
| Language of cataloging | spa |
| Transcribing agency | AR-UNSa-BCEJYS |
| 080 ## - UNIVERSAL DECIMAL CLASSIFICATION NUMBER | |
| Universal Decimal Classification number | 658.011.56 |
| Common auxiliary subdivision | Automatización |
| 020 ## - INTERNATIONAL STANDARD BOOK NUMBER | |
| International Standard Book Number | 958-9042-89-2 |
| 100 1# - MAIN ENTRY--PERSONAL NAME | |
| Personal name | Boone, Mary E. |
| 245 10 - TITLE STATEMENT | |
| Title | La informática en la gerencia |
| Name of part/section of a work | una inversión estratégica y productiva |
| 264 #1 - PRODUCTION, PUBLICATION, DISTRIBUTION, MANUFACTURE, AND COPYRIGHT NOTICE | |
| Place of production, publication, distribution, manufacture | Bogotá : |
| Name of producer, publisher, distributor, manufacturer | Legis |
| Date of production, publication, distribution, manufacture, or copyright notice | 1990 |
| 300 ## - PHYSICAL DESCRIPTION | |
| Extent | xii, 389 p. |
| Dimensions | 23 cm. |
| 505 ## - FORMATTED CONTENTS NOTE | |
| Formatted contents note | 1. Sistemas de información, productividad y éxito - 2. ¿Qué es el valor agregado? - 3. Venta - 4. Mercadeo - 5. Operaciones - 6. Manejo de personal - 7. Finanzas - 8. Llevar productos nuevos al mercado - 9. Ganar negociaciones - 10. Uso ejecutivo de las herramientas de información - 11. Reuniones con apoyo electrónico - 12. Planeación de sistemas estratégicos - 13. Evaluación de necesidades de valor agregado - 14. Evaluación de beneficios de valor agregado - 15. Adoptar la perspectiva de valor agregado |
| 590 ## - LOCAL NOTE (RLIN) | |
| Local note | niveau_biblio:m niveau_hierar:0 |
| 700 1# - ADDED ENTRY--PERSONAL NAME | |
| Personal name | Meyer, N. Dean |
| 856 41 - ELECTRONIC LOCATION AND ACCESS | |
| Uniform Resource Identifier | <a href="https://biblioeco.unsa.edu.ar/pmb/images/libros/La Informatica en la Gerencia-l119006.jpg">https://biblioeco.unsa.edu.ar/pmb/images/libros/La Informatica en la Gerencia-l119006.jpg</a> |
| Link text | Imagen de portada |
| Electronic format type | image/jpeg |
| 942 ## - ADDED ENTRY ELEMENTS (KOHA) | |
| Koha item type | |
| Withdrawn status | Lost status | Damaged status | Not for loan | Home library | Current library | Shelving location | Date acquired | Total checkouts | Full call number | Barcode | Date last seen | Price effective from | Koha item type |
|---|---|---|---|---|---|---|---|---|---|---|---|---|---|
| Biblioteca Prof. Eusebio Cleto del Rey | Biblioteca Prof. Eusebio Cleto del Rey | 07/04/2026 | 658.011.56 M612 | L119006 | 07/04/2026 | 07/04/2026 | Libro |